Statistics for Top 3 Most Powerful Pokemon Moves by Type

Click here to take the quiz!

General Stats

  • This quiz has been taken 202 times
  • The average score is 26 of 51

Answer Stats

HintAnswer% Correct
NormalGiga Impact/Hyper Beam
90%
ElectricThunder
83%
GroundEarthquake
81%
WaterHydro Pump
78%
IceBlizzard
76%
WaterHydro Cannon/Water Spout
76%
PsychicPsychic
76%
FireBlast Burn/Eruption
73%
GrassSolar Beam/Wood Hammer
73%
FightingClose Combat/Focus Blast/Superpower
68%
DragonDraco Meteor
68%
IceIce Beam
68%
DarkCrunch/Dark Pulse/Sucker Punch
67%
GhostShadow Ball
67%
GrassFrenzy Plant
66%
NormalExplosion
64%
FlyingBrave Bird
60%
NormalSelf Destruct
59%
SteelFlash Cannon/Iron Head
55%
DragonOutrage
54%
BugMegahorn
53%
FlyingSky Attack
52%
PoisonSludge Bomb
51%
RockHead Smash/Rock Wrecker
50%
PoisonGunk Shot
49%
DragonRoar of Time
49%
GroundEarth Power
48%
FightingFocus Punch
48%
BugAttack Order/Bug Buzz
46%
RockStone Edge
45%
GrassLeaf Storm
44%
GhostShadow Force
44%
SteelIron Tail
42%
BugX-Scissor
41%
GhostShadow Claw
40%
ElectricZap Cannon
39%
FireOverheat
38%
PoisonPoison Jab
38%
ElectricVolt Tackle
38%
GroundDig
34%
IceIce Punch
34%
FireMagma Storm/Sacred Fire
31%
SteelDoom Desire
30%
FlyingAeroblast
29%
DarkNight Slash
28%
PsychicPsycho Boost
28%
FightingHigh Jump Kick
24%
DarkFoul Play
23%
PsychicDream Eater
20%
RockPower Gem
17%
WaterCrab Hammer
16%

Score Distribution

Percentile by Number Answered

Percent of People with Each Score

Your Score History

You have not taken this quiz